| Tag |
First Indicator |
Second Indicator |
Subfields |
| LEADER |
00000cam a2200000 4500 |
| 001 |
in00000392000 |
| 005 |
20240809145519.6 |
| 008 |
751031c19281927ncuab b 001 0 eng |
| 010 |
|
|
|a 28010022
|
| 035 |
|
|
|a (OCoLC)01750423
|
| 035 |
|
|
|9 ABS0713AM
|
| 040 |
|
|
|a DLC
|c JPL
|d OCL
|d TXA
|d UtOrBLW
|
| 049 |
|
|
|a TXAM
|c [A08591159]
|
| 050 |
0 |
0 |
|a HE2771.N8
|b B7
|
| 092 |
|
|
|a 385
|b B
|
| 100 |
1 |
|
|a Brown, Cecil Kenneth,
|d 1900-1957.
|
| 245 |
1 |
2 |
|a A state movement in railroad development :
|b the story of North Carolina's first effort to establish an east and west trunk line railroad /
|c by Cecil Kenneth Brown.
|
| 264 |
|
1 |
|a Chapel Hill :
|b University of North Carolina press,
|c 1928
|
| 264 |
|
4 |
|c ©1927
|
| 300 |
|
|
|a xii, 300 pages :
|b illustrations, maps (1 folded) ;
|c 24 cm.
|
| 336 |
|
|
|a text
|b txt
|2 rdacontent
|
| 337 |
|
|
|a unmediated
|b n
|2 rdamedia
|
| 338 |
|
|
|a volume
|b nc
|2 rdacarrier
|
| 490 |
1 |
|
|a Social study series
|
| 500 |
|
|
|a Thesis (PH. D.)--University of North Carolina, 1927.
|
| 500 |
|
|
|a Without thesis note.
|
| 504 |
|
|
|a Bibliography: pages [287]-291.
|
| 650 |
|
0 |
|a Railroads
|z North Carolina.
|
| 710 |
2 |
|
|a University of North Carolina at Chapel Hill.
|b Institute for Research in Social Science.
|
| 830 |
|
0 |
|a Social study series.
|
| 999 |
|
|
|a MARS
|
| 999 |
f |
f |
|s 7f266025-ad81-3d7e-9c12-fd2e1d6e572c
|i b570a462-50a5-3f4b-8259-1ced925b58f8
|t 0
|
| 952 |
f |
f |
|p ric
|a Texas A&M University
|b Rellis Campus
|c Joint Library Facility
|d Remote Storage
|t 0
|e HE2771.N8 B7
|h Library of Congress classification
|i unmediated -- volume
|m A14808591159
|
| 998 |
f |
f |
|a HE2771.N8 B7
|t 0
|l Remote Storage
|